Динамическое гашение колебаний в нелинейных виброзащитных системах: диссертация на соискание ученой степени кандидата технических наук; Спец. 01.02.06.

Detalhes bibliográficos
Autor principal: Калмыков В. Р. Валерий Романович
Autor Corporativo: Иркутский политехнический институт
Outros Autores: Елисеев С. В. (научный руководитель)
Idioma:russo
Publicado em: Иркутск, 1987
Assuntos:
Formato: Livro
KOHA link:https://koha.lib.tpu.ru/cgi-bin/koha/opac-detail.pl?biblionumber=46913

MARC

LEADER 00000nbm0a2200000 4500
001 46913
005 20231031025230.0
035 |a (RuTPU)RU\TPU\book\48984 
090 |a 46913 
100 |a 20030129d1987 k y0rusy50 ca 
101 0 |a rus 
102 |a RU 
105 |a a m 001zy 
200 1 |a Динамическое гашение колебаний в нелинейных виброзащитных системах  |e диссертация на соискание ученой степени кандидата технических наук  |e Спец. 01.02.06.  |f В. Р. Калмыков  |g Иркутский политехнический институт; науч. рук. С. В. Елисеев 
210 |a Иркутск  |d 1987 
215 |a 152 л.  |c ил. 
320 |a Библиогр.: с. 133-142(108 назв.). 
610 1 |a динамическое гашение 
610 1 |a прочность 
610 1 |a машины 
610 1 |a динамическое гашение 
610 1 |a колебания 
610 1 |a нелинейные системы 
610 1 |a виброзащитные 
610 1 |a частотные характеристики 
610 1 |a алгоритмы 
610 1 |a векторы 
610 1 |a диссертации 
675 |a 62-752(048)  |v 3 
686 |a 01.02.06.  |2 oksvnk 
700 1 |a Калмыков  |b В. Р.  |g Валерий Романович 
702 1 |a Елисеев  |b С. В.  |4 727 
712 0 2 |a Иркутский политехнический институт  |2 stltpush  |3 (RuTPU)RU\TPU\col\233 
801 1 |a RU  |b 63413507  |c 20030129  |g PSBO 
801 2 |a RU  |b 63413507  |c 20030129  |g PSBO 
942 |c BK